header

Participatory democracy versus elitist democracy (Record no. 86977)

MARC details
000 -LEADER
fixed length control field 01368nam a2200349Ia 4500
100 1# - MAIN ENTRY--AUTHOR NAME
Personal name Nylen, William R.
245 10 - TITLE STATEMENT
Title Participatory democracy versus elitist democracy
250 ## - EDITION STATEMENT
Edition statement 1st ed.
260 ## - PUBLICATION, DISTRIBUTION, ETC. (IMPRINT)
Place of publication New York :
Name of publisher Palgrave Macmillan,
Year of publication 2003.
300 ## - PHYSICAL DESCRIPTION
Number of Pages xvii, 247 p. :
Other physical details ill.
650 #0 - SUBJECT ADDED ENTRY--TOPICAL TERM
Topical Term Democracy
Topical Term Political participation
Topical Term Elite (Social sciences)
856 40 - ELECTRONIC LOCATION AND ACCESS
Uniform Resource Identifier http://site.ebrary.com/lib/rucke/Doc?id=10135680

No items available.

© 2026 Rongo University
Contact us: librarian | system librarian | Rongo university